Presidents by Former Jobs - Statistics

General Stats
  • This quiz has been taken 46 times
  • The average score is 10 of 15
Answer Stats
Hint Answer % Correct
Real Estate Developer/Television Personality Donald Trump
93%
Painter/Baseball Team Owner George W. Bush
93%
Peanut Farmer Jimmy Carter
93%
President of the Screen Actors Guild Ronald Reagan
93%
Baskin-Robbins Server Barack Obama
78%
President of Columbia University Dwight D. Eisenhower
70%
Haberdashery Owner Harry Truman
70%
Schoolteacher Lyndon B. Johnson
70%
President of Princeton University Woodrow Wilson
68%
Chief Justice of the Supreme Court William Howard Taft
58%
Yellowstone Park Ranger Gerald Ford
53%
Mining Engineer Herbert Hoover
53%
Postmaster Abraham Lincoln
50%
Doll Manufacturer Calvin Coolidge
48%
Sheriff Grover Cleveland
45%
No matching quizzes found
Score Distribution
Percent of People with Each Score
Percentile by Number Answered
Your Score History
You have not taken this quiz